[Event "Match"]
[Site "www.echecsemail.com"]
[Date "2017.04.05"]
[Round "1"]
[White "Raulazo"]
[Black "Iko"]
[WhiteElo "1840"]
[BlackElo "1630"]
[Result "1-0"]
[Round "1"]
1.e4 e5
2.Ng1f3 Nb8c6
3.d4 exd4
4.Bf1c4 Bf8c5
5.O-O d6
6.Bc4xf7 Kxf7
7.Nf3g5 Ke8
8.Qd1f3 Nc6e5
9.Qf3h5 g6
10.Qh5h4 h6
11.Bc1f4 h5
12.Bf4xe5 Ng8h6
13.Be5f4 Rh8f8
14.Qh4g3 Qd8e7
15.Rf1e1 Bc8f5
16.Nb1c3 Bf5e6
17.Ng5xe6 dxc3
18.Qg3xg6 Qe7f7
19.Qg6xh6 Kd7
20.Ne6xc5 dxc5
21.Ra1d1 Ke7
22.Qh6g5 Qf7f6
23.Qg5xc5 Kf7
24.Rd1d7 Kg8
25.Qc5c4 Rf8f7
26.Rd7xf7 Qf6xf7
27.Qc4xf7 Kxf7
28.bxc3 Ra8g8
29.Bf4xc7 Rg8c8
30.Bc7e5 Rc8xc3
31.Be5xc3 Ke6
32.f4 h4
33.f5 Kd6
34.e5 Kd5
35.e6 h3
36.e7 Kc4
37.e8Q Kxc3
38.f6 Kxc2
39.Qe8e4 Kb2
40.Re1b1 Kxa2
41.Qe4c2 Ka3
42.Qc2b3 
1-0

[Event "Match"]
[Site "www.echecsemail.com"]
[Date "2017.04.05"]
[Round "1"]
[White "Wagner"]
[Black "Sonny1000"]
[WhiteElo "1810"]
[BlackElo "1320"]
[Result "1-0"]
[Round "1"]
1.Ng1f3 f6
2.d4 d5
3.h3 Ng8h6
4.g4 Qd8d6
5.c3 Bc8d7
6.b3 a6
7.g5 Nh6g4
8.hxg4 Bd7xg4
9.Nf3h2 fxg5
10.Nh2xg4 a5
11.Bc1xg5 Qd6g6
12.f4 h6
13.Ng4e5 Qg6f5
14.Bf1g2 Qf5g4
15.Ne5xg4 e6
16.Bg5h4 h5
17.Ng4e5 Rh8h6
18.Qd1d3 Rh6f6
19.Bh4xf6 Nb8c6
20.Qd3g6 { resign }
1-0

[Event "Match"]
[Site "www.echecsemail.com"]
[Date "2017.04.05"]
[Round "1"]
[White "Rindrandria"]
[Black "Ranjachess"]
[WhiteElo "1660"]
[BlackElo "1790"]
[Result "1-0"]
[Round "1"]
1.e4 e5
2.Bf1c4 Ng8f6
3.c3 d5
4.exd5 Nf6xd5
5.Qd1f3 Bc8e6
6.Bc4b3 Qd8d7
7.c4 Nd5f4
8.Qf3xb7 Nf4d3
9.Kf1 Qd7c6
10.Qb7xc6 Nb8xc6
11.Bb3a4 Be6d7
12.Ng1e2 Ra8b8
13.Ba4b5 Nc6d4
14.Ne2xd4 exd4
15.Nb1a3 c6
16.Bb5a4 Nd3xb2
17.Ra1b1 Bf8xa3
18.h4 O-O
19.g3 Bd7f5
20.Bc1xb2 Bf5xb1
21.Bb2xa3 Bb1d3
22.Kg1 Rf8e8
23.Ba4b3 a5
24.Ba3c5 Re8e2
25.Bc5xd4 Re2xd2
26.Bd4e3 Rd2b2
27.Kh2 Bd3b1
28.Rh1d1 h5
29.Be3d4 Rb8d8
30.c5 Bb1xa2
31.Bd4xb2 Rd8xd1
32.Bb3xd1 f5
33.Bd1a4 Ba2d5
34.Bb2c3 Kh7
35.Bc3xa5 Kh6
36.Ba5d2 Kg6
37.Ba4c2 Bd5e4
38.Bc2d1 Be4d5
39.Bd2g5 Bd5f7
40.Bd1c2 Kh7
41.Bc2xf5 g6
42.Bf5e4 Bf7d5
43.Be4xd5 cxd5
44.c6 d4
45.c7 Kg7
46.c8Q Kf7
47.Qc8d7 Kf8
48.Bg5f6 d3
49.Qd7e7 Kg8
50.Qe7g7 
1-0

[Event "1/128 Finale"]
[Site "www.chess-mail.com"]
[Date "2017.04.05"]
[Round "1"]
[White "Hennie4820"]
[Black "Grimsby"]
[WhiteElo "2040"]
[BlackElo "1390"]
[Result "1-0"]
[Round "1"]
1.e4 c5
2.Ng1f3 Nb8c6
3.d4 cxd4
4.Nf3xd4 e5
5.Nd4b5 d6
6.c4 a6
7.Nb5a3 Ng8f6
8.Nb1c3 Bf8e7
9.Bf1d3 O-O
10.O-O Nc6d4
11.Bc1e3 Bc8e6
12.Nc3d5 Be6xd5
13.cxd5 b5
14.Be3xd4 exd4
15.Na3c2 Ra8c8
16.Nc2b4 Qd8b6
17.Nb4c6 Rf8e8
18.Nc6xe7 Re8xe7
19.Qd1d2 Nf6d7
20.f4  { time }
1-0

[Event "Tourn. n9292"]
[Site "www.chess-mail.com"]
[Date "2017.04.06"]
[Round "1"]
[White "Ranjachess"]
[Black "Albertf"]
[WhiteElo "1800"]
[BlackElo "1750"]
[Result "1-0"]
[Round "1"]
1.d4 d5
2.Nb1c3 e6
3.a3 c6
4.Bc1f4 Nb8d7
5.e4 dxe4
6.Nc3xe4 Ng8f6
7.Ne4d6 Bf8xd6
8.Bf4xd6 Nd7b6
9.Bd6e5 O-O
10.Qd1f3 Qd8d5
11.Be5xf6 gxf6
12.Qf3xf6 Nb6d7
13.Qf6h4 Nd7b6
14.b3 e5
15.Qh4g5 Kh8
16.Qg5xe5 Qd5xe5
17.dxe5 Rf8e8
18.f4 Nb6d5
19.g3 Nd5e3
20.Bf1d3 Bc8f5
21.Kd2 Bf5xd3
22.cxd3 { resign }
1-0

[Event "Tourn. n9275"]
[Site "www.chess-mail.com"]
[Date "2017.04.06"]
[Round "1"]
[White "Orhany24"]
[Black "Luban"]
[WhiteElo "2190"]
[BlackElo "2200"]
[Result "1-0"]
[Round "1"]
1.e4 c5
2.Ng1f3 d6
3.d4 cxd4
4.Nf3xd4 Ng8f6
5.Bf1d3 e6
6.O-O Bf8e7
7.c4 Bc8d7
8.Nb1c3 a6
9.h3 Nb8c6
10.Bc1e3 O-O
11.Qd1e2 Qd8c7
12.Ra1c1 Nc6xd4
13.Be3xd4 Bd7c6
14.Bd4e3 Ra8c8
15.b3 Qc7b8
16.f4 e5
17.Nc3d5 Bc6xd5
18.cxd5 Rc8xc1
19.Rf1xc1 Rf8c8
20.fxe5 dxe5
21.Be3b6 Be7d6
22.Rc1xc8 Qb8xc8
23.Qe2c2 Qc8xc2
24.Bd3xc2 Nf6d7
25.Bb6e3 b5
26.g4 Bd6c5
27.Kf2 Kf8
28.Kf3 Bc5xe3
29.Kxe3 a5
30.Bc2d3 b4
31.Bd3b5 Nd7c5
32.Bb5c6 Ke7
33.h4 Kd6
34.Bc6e8 f6
35.Be8b5 Nc5d7
36.Bb5xd7 Kxd7
37.Kd3 Kc7
38.Kc4 Kb6
39.d6 Kc6
40.d7 Kxd7
41.Kb5 g6
42.Kxa5 { resign }
1-0

[Event "Tourn. n9221"]
[Site "www.chess-mail.com"]
[Date "2017.04.06"]
[Round "1"]
[White "Picifarkinca"]
[Black "Mitja"]
[WhiteElo "1800"]
[BlackElo "1920"]
[Result "1/2-1/2"]
[Round "1"]
1.Ng1f3 d5
2.c4 dxc4
3.Qd1a4 c6
4.Qa4xc4 e6
5.Nb1c3 Ng8f6
6.d3 h6
7.g3 Bf8e7
8.Bf1g2 Nb8d7
9.O-O O-O
10.b4 Nd7b6
11.Qc4b3 Nb6d5
12.a3 Nd5xc3
13.Qb3xc3 Nf6d5
14.Qc3d2 Nd5f6
15.Bc1b2 Qd8c7
16.Ra1c1 b5
17.Nf3d4 Bc8b7
18.Nd4xb5 Qc7b6
19.Nb5d4 Ra8d8
20.Nd4xc6 Bb7xc6
21.Rc1xc6 Qb6b5
22.Rf1c1 Qb5b8
23.Qd2e3 Nf6d5
24.Bg2xd5 Rd8xd5
25.Qe3f3 Rd5f5
26.Qf3g4 Be7f6
27.Bb2xf6 Rf5xf6
28.Qg4d4 Rf6f5
29.Rc6c7 a6
30.Rc7c5 Rf5xc5
31.Qd4xc5 Qb8b5
32.Qc5xb5 axb5
33.Rc1c5 Rf8a8
34.Rc5c3 Kf8
35.Kf1 Ke7
36.Ke1 Kd7
37.Kd2 Ra8c8
38.Rc3xc8 Kxc8
39.Kc3 Kc7
40.f4 Kc6
41.e4 f6
42.d4 g6
43.h4 h5
44.Kb3 Kb6
45.d5 exd5
46.exd5 Kc7
47.f5 gxf5
48.Kc3 Kd6
49.Kd4 f4
50.gxf4 f5
51.Kc3 Kxd5
52.Kd3 Ke6
53.Kc3 Kd5
54.Kd3 Ke6
{ draw }
1/2-1/2

[Event "Tourn. n9298"]
[Site "www.chess-mail.com"]
[Date "2017.04.06"]
[Round "1"]
[White "Amaya"]
[Black "Mitja"]
[WhiteElo "2100"]
[BlackElo "1910"]
[Result "0-1"]
[Round "1"]
1.d4 d5
2.e3 e6
3.Bf1d3 h6
4.f4 Ng8f6
5.Nb1d2 c5
6.c3 cxd4
7.cxd4 a6
8.Ng1f3 Qd8a5
9.O-O Bc8d7
10.Nf3e5 Bd7b5
11.Nd2b3 Qa5b6
12.Bc1d2 Bb5xd3
13.Bd2a5 Qb6b5
14.Ne5xd3 Bf8e7
15.Ra1c1 O-O
16.Ba5e1 Nf6e4
17.f5 Nb8c6
18.fxe6 fxe6
19.Rf1xf8 Ra8xf8
20.Nd3f2 Ne4xf2
21.Be1xf2 Nc6b4
22.Nb3c5 Nb4xa2
23.Nc5xe6 Na2xc1
24.Ne6xf8 Nc1e2
25.Kh1 Be7xf8
26.Qd1c2 Ne2xd4
27.exd4 a5
28.b3 Bf8b4
29.h3 Qb5c6
30.Qc2f5 b5
31.Bf2g3 a4
32.bxa4 bxa4
33.Qf5f4 a3
34.Qf4b8 Bb4f8
35.Bg3e5 a2
36.Qb8a7 Qc6c1
37.Kh2 a1Q
38.Qa7d7 Qc1g5
39.Qd7xd5 Kh7
40.Qd5f7 Qa1a8
41.g3 Qg5d2
{ resign }
0-1

[Event "Tourn. n9245"]
[Site "www.chess-mail.com"]
[Date "2017.04.06"]
[Round "1"]
[White "Picifarkinca"]
[Black "Attatroll"]
[WhiteElo "1870"]
[BlackElo "1950"]
[Result "1-0"]
[Round "1"]
1.e4 d6
2.d4 Ng8f6
3.f3 g6
4.Bf1d3 Bf8g7
5.c4 O-O
6.Nb1c3 c6
7.Ng1e2 e5
8.d5 c5
9.O-O Nb8d7
10.Nc3b5 Qd8b6
11.a4 a6
12.Nb5c3 Rf8e8
13.Kh1 Nd7f8
14.a5 Qb6c7
15.Bc1d2 Bc8d7
16.Nc3a4 Bd7xa4
17.Qd1xa4 Qc7d7
18.b4 Qd7xa4
19.Ra1xa4 Ra8c8
20.Rf1c1 h6
21.b5 g5
22.Ne2g3 axb5
23.cxb5 Nf8g6
24.Ng3f5 Rc8d8
25.g3 Nf6h5
26.Nf5xg7 Kxg7
27.b6 Rd8a8
28.Bd3b5 Re8d8
29.a6 bxa6
30.Ra4xa6 Ra8xa6
31.Bb5xa6 Rd8b8
32.b7 Nh5f6
33.Rc1b1 g4
34.Kg2 gxf3
35.Kxf3 Ng6e7
36.Bd2a5 Nf6e8
37.Ba5b6 Kf6
38.Bb6a7 Ne8c7
39.Ba6c4 { resign }
1-0

[Event "Tourn. n9246"]
[Site "www.chess-mail.com"]
[Date "2017.04.06"]
[Round "1"]
[White "Pdebonis"]
[Black "Tartan"]
[WhiteElo "2480"]
[BlackElo "2410"]
[Result "1-0"]
[Round "1"]
1.d4 Ng8f6
2.c4 e6
3.Ng1f3 Bf8b4
4.Nb1d2 b6
5.a3 Bb4xd2
6.Qd1xd2 Bc8b7
7.e3 d6
8.Bf1e2 O-O
9.b4 a5
10.Bc1b2 axb4
11.axb4 Ra8xa1
12.Bb2xa1 Nb8c6
13.O-O Nc6e7
14.Ba1b2 Qd8d7
15.Rf1a1 Rf8a8
16.Ra1xa8 Bb7xa8
17.Nf3e1 Qd7a4
18.b5 c6
19.bxc6 Ba8xc6
20.Qd2c1 Bc6b7
21.Bb2a3 Nf6e8
22.Ne1d3 Ne7g6
23.Qc1b2 Ng6h4
24.f3 Nh4f5
25.Kf2 Bb7a6
26.Qb2b4 Qa4a5
27.c5 Ba6b5
28.cxb6 Qa5xb6
29.g4 Nf5e7
30.Nd3e5 { resign }
1-0

[Event "Tourn. n9273"]
[Site "www.chess-mail.com"]
[Date "2017.04.06"]
[Round "1"]
[White "Azulmarino"]
[Black "Autmich"]
[WhiteElo "1480"]
[BlackElo "1690"]
[Result "0-1"]
[Round "1"]
1.e4 c5
2.c4 e6
3.d4 cxd4
4.Qd1xd4 Nb8c6
5.Qd4d1 Ng8f6
6.Bc1g5 Bf8e7
7.Bf1d3 O-O
8.Ng1f3 h6
9.Bg5e3 d6
10.Qd1d2 e5
11.Be3xh6 gxh6
12.Qd2xh6 Nf6h7
13.Nb1c3 Be7g5
14.Nf3xg5 Qd8xg5
15.Qh6xg5 Nh7xg5
16.O-O Bc8e6
17.h4 Ng5h7
18.f3 Kh8
19.g4 a6
20.a3 Nc6d4
21.b4 Ra8c8
22.Nc3a4 Be6xc4
23.Bd3xc4 Rc8xc4
24.Na4b6 Rc4c3
25.Nb6d5 Rc3xf3
26.Rf1e1 Nd4c2
27.Kg2 Nc2xe1
28.Ra1xe1 Rf3xa3
29.Re1f1 Rf8g8
30.Rf1xf7 Rg8xg4
31.Kf2 Rg4xh4
32.Nd5e7 Rh4h2
33.Kg1 Rh2b2
34.Ne7g6 Kg8
35.Rf7xb7 Ra3a1
{ resign }
0-1

[Event "Match"]
[Site "www.echecsemail.com"]
[Date "2017.04.06"]
[Round "1"]
[White "Susov"]
[Black "Chemin"]
[WhiteElo "1860"]
[BlackElo "1809"]
[Result "0-1"]
[Round "1"]
1.e4 c6
2.Ng1f3 d5
3.exd5 cxd5
4.d4 Ng8f6
5.Nb1c3 Nb8c6
6.Bc1f4 Bc8g4
7.h3 Bg4h5
8.Bf1d3 e6
9.g4 Bh5g6
10.Bd3xg6 hxg6
11.a3 Nf6xg4
12.Qd1e2 Ng4h6
13.Bf4e5 Nh6f5
14.O-O-O Bf8d6
15.Be5xd6 Qd8xd6
16.Nf3e5 Nf5xd4
17.Qe2g4 Qd6xe5
18.Rh1e1 Qe5f5
19.Rd1xd4 Nc6xd4
20.Qg4xd4 O-O
21.h4 Qf5f6
22.Qd4xf6 gxf6
23.Nc3b5 a6
24.Nb5d4 Ra8c8
25.f4 Kg7
26.Kd2 Rf8h8
27.Re1h1 e5
28.fxe5 fxe5
29.Nd4f3 f6
30.c3 Rh8h5
31.Ke3 b5
32.Nf3e1 Rc8c4
33.Ne1f3 Rc4e4
34.Kd3 Re4f4
35.Ke3 Rh5f5
36.Rh1h3 Rf4g4
37.b4 Rf5f4
38.h5 gxh5
39.Nf3h2 Rg4h4
40.Rh3g3 Kf7
41.Nh2f3 Rh4g4
42.Rg3xg4 hxg4
43.Nf3h4 g3
44.Nh4g2 Rf4f2
45.Ng2e1 e4
{ resign }
0-1

[Event "Match"]
[Site "www.echecsemail.com"]
[Date "2017.04.06"]
[Round "1"]
[White "Osvalazo"]
[Black "Billyg"]
[WhiteElo "1760"]
[BlackElo "1730"]
[Result "1-0"]
[Round "1"]
1.e4 e5
2.Ng1f3 f6
3.Bf1c4 c6
4.c3 b5
5.Bc4xg8 Rh8xg8
6.Qd1b3 d5
7.O-O Bc8e6
8.d4 Qd8d7
9.Qb3c2 Nb8a6
10.Bc1e3 exd4
11.cxd4 Na6b4
12.Qc2d2 dxe4
13.Nf3e1 Nb4d5
14.f3 Bf8b4
15.Nb1c3 O-O-O
16.Ne1c2 exf3
17.Rf1xf3 Qd7c7
18.Qd2d3 g6
19.Nc3xd5 Be6xd5
20.Be3f4 Qc7b7
21.Nc2xb4 Bd5c4
22.Qd3c3 g5
23.Bf4e3 Rg8f8
24.b3 Bc4e2
25.Rf3f2 Be2g4
26.Nb4xc6 Kd7
27.Nc6xd8 Rf8xd8
28.Rf2xf6 Ke8
29.Be3xg5 Qb7d5
30.Ra1e1 Kd7
31.Qc3b4 Kc8
32.Re1e5 Qd5g8
33.Rf6c6 Kd7
34.Qb4d6 { resign }
1-0

[Event "Match"]
[Site "www.echecsemail.com"]
[Date "2017.04.06"]
[Round "1"]
[White "Wagner"]
[Black "Silikon"]
[WhiteElo "1810"]
[BlackElo "1739"]
[Result "0-1"]
[Round "1"]
1.e4 e5
2.Nb1c3 Ng8f6
3.d4 exd4
4.Qd1xd4 Nb8c6
5.Qd4c4 b6
6.Bc1g5 Nc6b4
7.O-O-O Bf8e7
8.e5 b5
9.Qc4xb5 Nf6g4
10.Qb5e2 Be7xg5
11.Kb1 d6
12.exd6 Bc8e6
13.Qe2b5 c6
14.Qb5c5 a5
15.a3 Nb4d5
16.Qc5xc6 Be6d7
17.Qc6xd5 Ng4xf2
18.Rd1e1 Bd7e6
19.Bf1b5 Kf8
20.Re1xe6 fxe6
21.Qd5f3 Bg5f6
22.Qf3xf2 Qd8xd6
23.Nc3e4 Qd6d1
24.Ka2 Qd1d5
25.c4 Qd5xe4
26.Ng1e2 Kf7
27.Rh1e1 Rh8f8
28.Ne2f4 Qe4d4
29.Qf2xd4 Bf6xd4
30.Nf4xe6 Rf8e8
31.Bb5xe8 Ra8xe8
32.Ne6g5 Kf8
33.Ng5xh7 Kf7
34.Re1f1 Kg8
35.Nh7g5 Re8e2
36.Rf1d1 Re2xb2
37.Ka1 Rb2d2
{ resign }
0-1

[Event "Match"]
[Site "www.echecsemail.com"]
[Date "2017.04.06"]
[Round "1"]
[White "Darknight"]
[Black "Pariolinius"]
[WhiteElo "1730"]
[BlackElo "2010"]
[Result "1-0"]
[Round "1"]
1.e4 c6
2.d4 d5
3.e5 Bc8f5
4.Bc1f4 e6
5.a3 Ng8e7
6.h4 Ne7g6
7.Bf4g5 Qd8c7
8.g3 h6
9.Bg5f4 Ng6xf4
10.gxf4 Nb8d7
11.Ng1f3 Bf8e7
12.Nb1d2 Bf5g4
13.Qd1e2 Nd7b6
14.Rh1g1 Bg4h5
15.Rg1xg7 Bh5g6
16.h5 Bg6xh5
17.Rg7g3 O-O-O
18.b3 Bh5g6
19.c3 h5
20.Bf1h3 Kb8
21.a4 h4
22.Rg3g1 Rd8g8
23.Nd2f1 Bg6e4
24.Rg1xg8 Rh8xg8
25.Nf3d2 Qc7d8
26.a5 Nb6d7
27.b4 a6
28.Qe2d1 Be4d3
29.Nd2b3 Bd3c4
30.Nf1e3 Rg8g1
31.Ne3f1 Qd8g8
32.Nb3d2 Bc4d3
33.Nd2f3 Rg1h1
34.Qd1xd3 Rh1xh3
35.Ke2 Nd7b6
36.axb6 Be7f8
37.Ra1xa6 Bf8h6
38.Ra6a7 Bh6xf4
39.c4 Qg8f8
40.Qd3a3 { resign }
1-0

[Event "Match"]
[Site "www.echecsemail.com"]
[Date "2017.04.06"]
[Round "1"]
[White "Ozana"]
[Black "Witpar"]
[WhiteElo "2010"]
[BlackElo "2610"]
[Result "0-1"]
[Round "1"]
1.Ng1f3 d5
2.d4 Ng8f6
3.c4 c6
4.Nb1c3 dxc4
5.a4 Bc8f5
6.Nf3e5 Nb8d7
7.Ne5xc4 Nd7b6
8.Nc4e5 a5
9.f3 Nf6d7
10.e4 Nd7xe5
11.exf5 Ne5d7
12.Bf1d3 Nd7f6
13.Bc1e3 Nf6d5
14.Be3f2 g6
15.O-O Bf8g7
16.Bd3c2 Qd8d7
17.Rf1e1 gxf5
18.Qd1d3 O-O-O
19.Qd3xf5 Qd7xf5
20.Bc2xf5 e6
21.Bf5e4 h5
22.Re1d1 h4
23.Nc3xd5 Nb6xd5
24.Rd1d2 Nd5f4
25.Ra1d1 Bg7f6
26.Bf2e3 Bf6g5
27.Kf1 Rh8g8
28.Rd1e1 Kd7
 { time }
0-1

[Event "Match"]
[Site "www.echecsemail.com"]
[Date "2017.04.06"]
[Round "1"]
[White "Coolant"]
[Black "Pellix84"]
[WhiteElo "2240"]
[BlackElo "2070"]
[Result "1-0"]
[Round "1"]
1.Nb1c3 g6
2.d4 Bf8g7
3.e4 a6
4.a4 d6
5.Bc1e3 Ng8f6
6.f3 Nb8d7
7.Bf1c4 c6
8.Ng1e2 O-O
9.Qd1d2 Nd7b6
10.Bc4b3 d5
11.e5 Nf6e8
12.a5 Nb6d7
13.h4 e6
14.h5 c5
15.hxg6 fxg6
16.Nc3xd5 Nd7xe5
17.Nd5b6 cxd4
18.Nb6xa8 Rf8xf3
19.Ne2xd4 Rf3xe3
20.Qd2xe3 Ne5g4
21.Nd4xe6 { resign }
1-0

[Event "1/64 Finale"]
[Site "www.chess-mail.com"]
[Date "2017.04.06"]
[Round "1"]
[White "Bojan"]
[Black "Autmich"]
[WhiteElo "2080"]
[BlackElo "1700"]
[Result "0-1"]
[Round "1"]
1.e4 c5
2.Ng1f3 d6
3.d4 cxd4
4.Nf3xd4 Ng8f6
5.Nb1c3 a6
6.Bf1d3 Nb8c6
7.Nd4xc6 bxc6
8.Bc1g5 e5
9.h3 Bf8e7
10.a3 Bc8b7
11.Qd1f3 O-O
12.b3 d5
13.exd5 cxd5
14.O-O e4
15.Qf3g3 exd3
16.Qg3xd3 Qd8c7
17.Rf1e1 Rf8e8
18.Re1e5 Qc7xe5
19.Bg5e3 Nf6e4
20.Nc3e2 Qe5xa1
{ resign }
0-1

[Event "1/128 Finale"]
[Site "www.chess-mail.com"]
[Date "2017.04.06"]
[Round "1"]
[White "Redapond1"]
[Black "Bojan"]
[WhiteElo "1730"]
[BlackElo "2080"]
[Result "0-1"]
[Round "1"]
1.d4 d5
2.Ng1f3 h6
3.Bc1f4 Nb8c6
4.Nb1c3 a6
5.e3 Ng8f6
6.Bf1d3 Nf6h5
7.O-O g5
8.Bf4e5 Rh8g8
9.Bd3h7 Nc6xe5
10.Bh7xg8 Ne5xf3
11.Qd1xf3 Nh5f6
12.Bg8xf7 Kxf7
13.Rf1e1 Qd8d6
14.e4 dxe4
15.Nc3xe4 Qd6d5
16.c3 Kg6
17.Ne4xf6 Qd5xf3
18.gxf3 Kxf6
19.Re1e2 Bc8h3
20.Ra1e1 Ra8d8
21.Re2e6 Bh3xe6
{ resign }
0-1

[Event "Tourn. n9240"]
[Site "www.chess-mail.com"]
[Date "2017.04.07"]
[Round "1"]
[White "Krystek23"]
[Black "Ozana"]
[WhiteElo "2320"]
[BlackElo "2450"]
[Result "1-0"]
[Round "1"]
1.Ng1f3 c5
2.c4 g6
3.Nb1c3 Nb8c6
4.g3 Bf8g7
5.Bf1g2 e6
6.e3 Ng8e7
7.O-O O-O
8.d4 cxd4
9.exd4 d5
10.cxd5 Ne7xd5
11.Bc1e3 Nd5xe3
12.fxe3 Bc8d7
13.Nf3e1 Ra8c8
14.Rf1f2 e5
15.d5 Nc6a5
16.Bg2f1 e4
17.Nc3xe4  { time }
1-0

[Event "Tourn. n9258"]
[Site "www.chess-mail.com"]
[Date "2017.04.07"]
[Round "1"]
[White "Hundegana"]
[Black "Guidom"]
[WhiteElo "2050"]
[BlackElo "2100"]
[Result "0-1"]
[Round "1"]
1.f4 d5
2.d4 c6
3.g3 Ng8f6
4.Bf1g2 e6
5.c3 Bf8e7
6.Qd1c2 O-O
7.Ng1f3 Nb8d7
8.O-O Nf6e4
9.Nb1d2 f5
10.Nd2xe4 fxe4
11.Nf3e5 Nd7xe5
12.dxe5 Be7c5
13.e3 b6
14.Kh1 Bc8a6
15.Rf1e1 Ba6d3
16.Qc2d1 b5
17.Bg2f1 Bd3xf1
18.Re1xf1 a5
19.Qd1g4 Rf8f5
20.h4 Qd8e8
21.Kg2 h5
22.Qg4h3 Qe8g6
23.Bc1d2 Bc5b6
24.Kf2 Ra8f8
25.Rf1g1 Rf5xe5
26.Ke1 Re5f5
27.Kd1 Qg6g4
28.Qh3xg4 hxg4
29.Ke2 a4
30.Rg1h1 g6
31.Rh1h2 c5
32.Rh2h1 e5
33.Rh1f1 d4
34.cxd4 exd4
35.exd4 cxd4
36.Ra1c1 d3
37.Kd1 e3
38.Bd2xe3 Bb6xe3
39.Rc1c6 Rf8f6
40.Rc6c8 Kg7
41.Rc8d8 d2
42.Rd8e8 Rf6c6
43.Re8xe3 Rc6c1
44.Ke2 Rc1xf1
45.Kxd2 Rf1f2
46.Kc3 Rf2f3
47.Kd4 Rf3xe3
48.Kxe3 Kf6
49.Kd4 Ke6
50.b3 axb3
51.axb3 Kd6
52.b4 Rf5f8
53.Ke4 Rf8c8
54.Kd4 Rc8c4
55.Kd3 Rc4xb4
56.Kc3 Kc5
57.Kc2 Kd4
58.Kc1 Kd3
59.f5 gxf5
60.h5 f4
61.h6 fxg3
62.h7 g2
63.h8Q g1R

0-1

[Event "Tourn. n9277"]
[Site "www.chess-mail.com"]
[Date "2017.04.07"]
[Round "1"]
[White "Lachouette"]
[Black "Sae80"]
[WhiteElo "1360"]
[BlackElo "1419"]
[Result "0-1"]
[Round "1"]
1.e4 e5
2.f4 exf4
3.Ng1f3 g5
4.h3 Bf8g7
5.d4 h6
6.c3 Ng8f6
7.e5 Nf6h5
8.Nb1a3 Nh5g3
9.Rh1g1 O-O
10.Na3c4 Rf8e8
11.h4 d6
12.hxg5 hxg5
13.Bf1e2 Nb8c6
14.exd6 Re8xe2
15.Qd1xe2 Ng3xe2
16.Kxe2 cxd6
 { time }
0-1

[Event "Tourn. n9277"]
[Site "www.chess-mail.com"]
[Date "2017.04.07"]
[Round "1"]
[White "Griffo30"]
[Black "Sae80"]
[WhiteElo "1499"]
[BlackElo "1819"]
[Result "0-1"]
[Round "1"]
1.d4 d5
2.c4 c6
3.Nb1c3 Ng8f6
4.Ng1f3 e6
5.Bc1g5 h6
6.Bg5h4 dxc4
7.e3 b5
8.a4 Bf8b4
9.axb5 cxb5
10.Bf1e2 Bc8b7
11.O-O a6
12.Qd1c2 Nb8d7
13.Ra1d1 Qd8c7
14.Bh4g3 Qc7c6
15.Nf3h4 Bb4xc3
16.bxc3 Nf6e4
17.Be2f3 Qc6d5
18.Qc2b2 h5
19.Bf3xe4 Qd5xe4
20.f4 Nd7b6
21.Rf1e1 O-O
22.Qb2e2 Nb6d5
23.Rd1c1 Nd5f6
24.Nh4f3 Qe4f5
25.Nf3h4 Qf5h7
26.Nh4f3 Bb7xf3
27.Qe2xf3 Nf6e4
28.Re1e2 Ne4xg3
29.Qf3xg3 a5
30.e4 Rf8b8
31.Qg3e1 Qh7h6
32.Qe1f2 Qh6f6
33.g3 Qf6g6
34.Kg2 h4
35.Qf2f3 hxg3
36.hxg3 b4
37.f5 exf5
38.exf5 Qg6g5
39.Rc1h1 bxc3
40.Rh1h5 Qg5d8
41.Qf3xc3 Qd8d5
42.Qc3f3 Qd5xf3
43.Kxf3 f6
44.Re2a2 Rb8b3
45.Ke4 Rb3xg3
{ resign }
0-1

[Event "Tourn. n9278"]
[Site "www.chess-mail.com"]
[Date "2017.04.07"]
[Round "1"]
[White "B0zata"]
[Black "Luban"]
[WhiteElo "2170"]
[BlackElo "2220"]
[Result "1/2-1/2"]
[Round "1"]
1.d4 d5
2.Ng1f3 e6
3.Bc1f4 c5
4.Bf4xb8 Ra8xb8
5.e3 a6
6.a4 Ng8f6
7.Bf1e2 Bc8d7
8.O-O Bf8d6
9.c4 dxc4
10.Be2xc4 b5
11.axb5 axb5
12.dxc5 Bd6xc5
13.Bc4b3 O-O
14.Qd1c2 Qd8c7
15.Nb1d2 Rf8c8
16.Qc2d3 Bd7c6
17.Ra1c1 Bc5b6
18.Rc1c2 Qc7b7
19.Rf1c1 Bc6xf3
20.Nd2xf3 Rc8xc2
21.Rc1xc2 Rb8d8
22.Qd3e2 Nf6d5
23.h3 h6
24.Qe2xb5 Nd5xe3
25.Qb5e2 Ne3xc2
26.Bb3xc2 Qb7d5
27.b4 Rd8a8
28.Bc2e4 Ra8a1
29.Kh2 Bb6c7
30.g3 Qd5d1
31.Qe2xd1 Ra1xd1
32.b5 Bc7b6
33.g4 Bb6xf2
34.Kg2 Bf2b6
35.Be4c6 Kf8
36.Nf3e5 Ke7
37.Kf3 Rd1d4
38.Ke2 f6
39.Ne5f3 Rd4b4
40.Nf3h4 Kd6
41.Kf3 Rb4b3
42.Kg2 Rb3b2
43.Kf3 Kc5
44.Nh4g6 Kd6
45.Ng6f4 e5
46.Nf4d3 Rb2b3
47.Ke2 Rb3b1
48.Kf3 g5
49.Kg2 e4
50.Bc6xe4 Rb1xb5
51.Be4g6 Kd5
52.Kf3 Kd4
53.Nd3c1 Rb5b2
54.Nc1e2 Ke5
55.Bg6f5 h5
56.Bf5g6 h4
57.Bg6f5 Rb2xe2
58.Kxe2 Kf4
59.Kf1 Kg3
60.Bf5c8 Kxh3
61.Bc8f5 Kg3
62.Bf5e6 h3
63.Be6c8 h2
64.Bc8b7 Kxg4
65.Kg2 Bb6g1
66.Bb7f3 Kh4
67.Bf3e4 g4
68.Kh1 Kg5
69.Kg2 f5
70.Be4c6 f4
71.Kh1 f3
72.Bc6xf3 Kf5
{ draw }
1/2-1/2

[Event "Tourn. n9281"]
[Site "www.chess-mail.com"]
[Date "2017.04.07"]
[Round "1"]
[White "Azulmarino"]
[Black "Autmich"]
[WhiteElo "1490"]
[BlackElo "1680"]
[Result "0-1"]
[Round "1"]
1.e4 e5
2.Ng1f3 Nb8c6
3.Nb1c3 Ng8f6
4.Bf1c4 Bf8e7
5.d3 d6
6.Bc1e3 Bc8g4
7.h3 Bg4h5
8.g4 Bh5g6
9.Qd1d2 a6
10.Be3h6 gxh6
11.Qd2xh6 Be7f8
12.Qh6g5 Bf8g7
13.Nc3d5 Nf6xd5
14.exd5 Qd8xg5
15.Nf3xg5 Nc6d4
16.O-O-O Bg7h6
17.h4 f6
18.h5 Bh6xg5
19.Kb1 Bg6f7
20.c3 Nd4e2
21.d4 O-O-O
22.Bc4xa6 bxa6
23.c4 Ne2xd4
24.Rd1d3 Kd7
25.Rh1e1 a5
26.Rd3a3 Rd8a8
27.Re1d1 Rh8b8
28.Rd1d3 c6
29.Ra3c3 a4
30.b3 axb3
31.axb3 cxd5
32.c5 dxc5
33.Kb2 c4
34.Rd3d1 Nd4xb3
35.Rc3xc4 Nb3a5
36.Kc2 Na5xc4
{ resign }
0-1

[Event "Tourn. n9173"]
[Site "www.chess-mail.com"]
[Date "2017.04.07"]
[Round "1"]
[White "Julian"]
[Black "Huw"]
[WhiteElo "2040"]
[BlackElo "2290"]
[Result "1-0"]
[Round "1"]
1.e4 e5
2.Ng1f3 Ng8f6
3.d4 Nf6xe4
4.Bf1d3 d5
5.dxe5 Ne4c5
6.Bd3e2 Bf8e7
7.O-O O-O
8.Nb1c3 Bc8e6
9.Nf3d4 Nb8d7
10.f4 Nd7b6
11.f5 Be6c8
12.Be2f3 Nc5a6
13.b3 Be7b4
14.Bc1b2 c5
15.Nd4b5 d4
16.Nc3e4 Bc8xf5
17.Ne4d6 Bf5xc2
18.Qd1xc2 Na6c7
19.a3 Nc7xb5
20.axb4 Nb5xd6
21.exd6 Qd8xd6
22.bxc5 Qd6c7
23.Bb2xd4 Ra8d8
24.Bd4b2 f6
25.Rf1c1 Nb6c8
26.Qc2c4 Kh8
27.b4 a6
28.Rc1d1 Nc8a7
29.Rd1xd8 Rf8xd8
30.Ra1e1 b6
31.Qc4xa6 bxc5
32.bxc5 Qc7xc5
33.Kh1 Na7b5
34.h3 h6
35.Bb2xf6 Rd8d6
36.Re1e8 Kh7
37.Bf3e4 g6
38.Re8h8 
1-0

[Event "Tourn. n9226"]
[Site "www.chess-mail.com"]
[Date "2017.04.07"]
[Round "1"]
[White "Piriot"]
[Black "Ozana"]
[WhiteElo "2330"]
[BlackElo "2420"]
[Result "1-0"]
[Round "1"]
1.Ng1f3 f5
2.d4 Ng8f6
3.g3 e6
4.Bf1g2 Bf8e7
5.O-O O-O
6.c4 d5
7.Nb1c3 c6
8.Bc1f4 dxc4
9.Nf3e5 Nf6d5
10.Ne5xc4 Nd5xf4
11.gxf4 Nb8d7
12.e3 Rf8f6
13.Nc3e2 Rf6g6
14.Ne2g3 a5
15.Qd1e2 a4
16.Ra1c1  { time }
1-0

[Event "Tourn. n9279"]
[Site "www.chess-mail.com"]
[Date "2017.04.07"]
[Round "1"]
[White "Winston"]
[Black "Picifarkinca"]
[WhiteElo "1810"]
[BlackElo "1900"]
[Result "0-1"]
[Round "1"]
1.e4 c6
2.d4 d5
3.e5 Bc8f5
4.Ng1f3 e6
5.Bf1e2 Nb8d7
6.Bc1g5 Qd8b6
7.b3 h6
8.Bg5h4 Bf8b4
9.Nb1d2 Bb4c3
10.Ra1b1 Ng8e7
11.O-O g5
12.Bh4g3 Ne7g6
13.Rb1c1 g4
14.Nf3e1 h5
15.f4 Qb6xd4
16.Kh1 Qd4xd2
17.Qd1xd2 Bc3xd2
{ resign }
0-1

[Event "Tourn. n9239"]
[Site "www.chess-mail.com"]
[Date "2017.04.07"]
[Round "1"]
[White "Azulmarino"]
[Black "Battlechess"]
[WhiteElo "1430"]
[BlackElo "1490"]
[Result "1-0"]
[Round "1"]
1.e4 c6
2.c4 d6
3.d4 Ng8f6
4.Nb1c3 g6
5.Ng1f3 Bf8g7
6.Bc1e3 O-O
7.Qd1d2 Qd8c7
8.h3 e5
9.Be3h6 Nb8d7
10.Bf1e2 Rf8e8
11.Nf3h4 exd4
12.Nc3a4 c5
13.Nh4f5 Nf6xe4
14.Qd2f4 Bg7h8
15.Nf5g3 d3
16.Ng3xe4 Bh8e5
17.Qf4e3 dxe2
18.Qe3xe2 Nd7b6
19.Na4c3  { time }
1-0

[Event "Tourn. n9232"]
[Site "www.chess-mail.com"]
[Date "2017.04.07"]
[Round "1"]
[White "Ozana"]
[Black "Tartan"]
[WhiteElo "2420"]
[BlackElo "2390"]
[Result "0-1"]
[Round "1"]
1.f4 d5
2.Ng1f3 Ng8f6
3.e3 g6
4.d4 Bf8g7
5.c4 O-O
6.cxd5 Bc8f5
7.Bf1d3 Bf5xd3
8.Qd1xd3 Qd8xd5
9.Nb1c3 Qd5a5
10.O-O c5
11.d5 Rf8d8
12.e4 Nb8c6
13.a3 e6
 { time }
0-1

[Event "Tourn. n9298"]
[Site "www.chess-mail.com"]
[Date "2017.04.07"]
[Round "1"]
[White "Amaya"]
[Black "Sorento"]
[WhiteElo "2100"]
[BlackElo "1849"]
[Result "0-1"]
[Round "1"]
1.d4 Ng8f6
2.e3 c5
3.c3 b6
4.f4 Bc8b7
5.Ng1f3 g6
6.Bf1d3 Bf8g7
7.Nb1d2 d6
8.O-O O-O
9.a3 Nb8d7
10.Qd1e1 Qd8c7
11.Qe1g3 Ra8e8
12.b4 cxd4
13.cxd4 Qc7c3
14.Ra1b1 Qc3xd3
15.Rb1b3 Qd3b5
16.Nf3g5 Re8c8
17.Qg3h3 Rc8c2
18.e4 Rf8c8
19.e5 Rc2xc1
20.exf6 Nd7xf6
21.Rb3f3 Bb7xf3
22.gxf3 Qb5e2
23.Ng5e4 Nf6xe4
{ resign }
0-1